| Поле | Инд. | ПП | Название | Значение |
|---|---|---|---|---|
| Тип записи | a | |||
| Библиографический уровень | m | |||
| 001 | Контрольный номер | a0ffd10f-b0c8-423c-82f7-204d77989d14 | ||
| 005 | Дата корректировки | 20140703161426.2 | ||
| 008 | Кодируемые данные | 071130 | ||
| 020 | c | Цена, тираж | б/ц | |
| 040 | a | Служба первич. каталог. | НБ ТвГУ | |
| 041 | a | Код языка текста | rus | |
| 080 | a | Индекс УДК | 930(092)"18"(043.3) | |
| a | Индекс УДК | 1(470)(092)"18"(043.3) | ||
| 084 | a | Индекс другой классификации/Индекс ББК | Т1(2)52-8я031 | |
| a | Индекс другой классификации/Индекс ББК | Ю3(2)5я031 | ||
| 090 | x | Авторский знак | П96 | |
| a | Полочн. индекс | Т1(2)52 | ||
| 100 | 1_ | a | Автор | Пьянова Людмила Васильевна |
| 245 | 10 | a | Заглавие | Проблема взаимосвязи культуры и истории в философии истории К. Д. Кавелина |
| b | Продолж. заглавия | автореф. дис. ... канд. филос. наук : 09.00.03 | ||
| c | Ответственность | Твер. гос. ун-т, Каф. теории и истории культуры | ||
| 260 | 1_ | a | Место издания | Тверь |
| b | Издательство | б. и. | ||
| c | Дата издания | 2007 | ||
| 300 | a | Объем | 23 с. | |
| 500 | a | Примечание | На правах рукоп. | |
| 504 | a | Библиография | Библиогр. в конце кн. | |
| 583 | a | Действие | Получение впервые 304 30.11.2007 | |
| 650 | a | Основная рубрика | Кавелин, Константин Дмитриевич, о нем | |
| 650 | a | Основная рубрика | Историческая наука | |
| x | Основная подрубрика | История | ||
| y | Хронологическая подрубрика | 19 в. | ||
| z | Географическая подрубрика | Россия | ||
| 650 | a | Основная рубрика | Философия | |
| x | Основная подрубрика | История | ||
| y | Хронологическая подрубрика | 19 в. | ||
| z | Географическая подрубрика | Россия | ||
| 650 | a | Основная рубрика | Русская философия | |
| 653 | a | Ключевые слова | Кавелин | |
| a | Ключевые слова | Исторические науки | ||
| a | Ключевые слова | Историки | ||
| a | Ключевые слова | Русская философия | ||
| a | Ключевые слова | История философии | ||
| a | Ключевые слова | Философия | ||
| a | Ключевые слова | Авторефераты | ||
| a | Ключевые слова | Персоналии | ||
| a | Ключевые слова | Труды Тверского государственного университета | ||
| 710 | a | Организация/ юрисдикция | Тверской государственный университет | |
| 852 | t | Порядковый номер экземпляра | 2 | |
| p | Инвентарный номер | б/н | ||
| 888 | a | Бесплатные | ||
| 930 | a | Новая/Ретро | авторефераты | |
| a | Новая/Ретро | персоналии | ||
| 952 | p | 304.2007 б/ц 2 б/н | ||
| c | Вид литературы | А/Р н | ||
| 954 | a | Дата поступления на обработку | 20071204 | |
| 999 | a | Подразделение 2 | ч.з. |